Les noms d'équipes de la WHL - Statistiques

Statistiques générales
  • Ce quiz a été pris 8 fois
  • Le résultat moyen est 11 sur 22
Statistiques - réponses
Réponse Hint % Correct
Pats Regina
100%
Blazers Kamloops
86%
Thunderbirds Seattle
71%
Blades Saskatoon
57%
Hitmen Calgary
57%
Ice Winnipeg
57%
Oil Kings Edmonton
57%
Rebels Red Deer
57%
Rockets Kelowna
57%
Tigers Medicine Hat
57%
Americans Tri-City
43%
Broncos Swift Current
43%
Chiefs Spokane
43%
Giants Vancouver
43%
Raiders Prince Albert
43%
Silvertips Everett
43%
Warriors Moose Jaw
43%
Wheat Kings Brandon
43%
Winterhawks Portland
43%
Cougars Prince George
29%
Hurricanes Lethbridge
29%
Royals Victoria
29%
Aucun quiz correspondant
Distribution des résultats
% des personnes avec chaque résultat
Percentile par nombre de réponses
Votre historique - résultats
Vous n’avez pas pris ce quiz